Fish and Wildlife Legislation. hearings before the United States House Committee on Merchant Marine and Fisheries, Subcommittee on Fisheries and Wildlife Conservation, Ninetieth Congress, second session, on Mar. 14, 1968. Part 2 :

Committee Serial No. 90-23. Considers. H.R. 487, to prevent or minimize injury to fish and wildlife from use of insecticides, herbicides, fungicides, and pesticides. H.R. 11026, to expand cooperative DOD-Interior Dept fish and wildlife programs on military reservations. H.R. 13523 and S. 2452, to au...

Full description

Bibliographic Details
Corporate Authors: United States. Congress. House. Committee on Merchant Marine and Fisheries. Subcommittee on Fisheries and Wildlife Conservation, ProQuest (Firm)
Format: Government Document eBook
Language:English
Published: Washington : U.S. G.P.O., 1968.
Series:U.S. Congressional Hearings.
Subjects:
Online Access:Connect to the full text of this electronic book

MARC

Tag First Indicator Second Indicator Subfields
LEADER 00000cam a22000001a 4500
001 in00003201250
006 m d f
007 cr bn mmmapmmp
008 090623s1968 dcu o f000 0 eng d
005 20260511205309.5
035 |a cis2007431749 
040 |a UMI  |c UMI  |d UtOrBLW 
043 |a n-us--- 
086 0 |a Y 4.M 53:90-23 
099 |a HRG-1968-MMF-0005 
110 1 |a United States.  |b Congress.  |b House.  |b Committee on Merchant Marine and Fisheries.  |b Subcommittee on Fisheries and Wildlife Conservation. 
245 1 0 |a Fish and Wildlife Legislation.  |n Part 2 :  |b hearings before the United States House Committee on Merchant Marine and Fisheries, Subcommittee on Fisheries and Wildlife Conservation, Ninetieth Congress, second session, on Mar. 14, 1968. 
264 1 |a Washington :  |b U.S. G.P.O.,  |c 1968. 
300 |a 1 online resource. 
336 |a text  |b txt  |2 rdacontent 
337 |a computer  |b c  |2 rdamedia 
338 |a online resource  |b cr  |2 rdacarrier 
500 |a Record is based on bibliographic data in ProQuest Congressional Hearings Digital Collection. Reuse except for individual research requires license from ProQuest, LLC. 
520 |a Committee Serial No. 90-23. Considers. H.R. 487, to prevent or minimize injury to fish and wildlife from use of insecticides, herbicides, fungicides, and pesticides. H.R. 11026, to expand cooperative DOD-Interior Dept fish and wildlife programs on military reservations. H.R. 13523 and S. 2452, to authorize Interior Dept to relinquish to state of Illinois whatever measure of legislative jurisdiction over Crab Orchard National Wildlife Refuge is deemed appropriate. 
520 |a Considers (90) H.R. 487, (90) H.R. 11026, (90) H.R. 13523, (90) S. 2452. 
538 |a System requirements: PDF reader software. 
500 |a Electronic resource. 
650 0 |a Wildlife conservation  |x Law and legislation  |z United States. 
655 7 |a Electronic books.  |2 local 
710 2 |a ProQuest (Firm) 
776 0 8 |i Print version:  |a United States. Congress. House. Committee on Merchant Marine and Fisheries. Subcommittee on Fisheries and Wildlife Conservation.  |t Fish and Wildlife Legislation 
776 0 8 |i Microfiche version:  |a United States. Congress. House. Committee on Merchant Marine and Fisheries. Subcommittee on Fisheries and Wildlife Conservation.  |t Fish and Wildlife Legislation.  |d [Bethesda, Md.] : ProQuest,[2004]  |o CIS Hrgs MF Gp 3--(90) H2326-4  |w (ProQuest)cis10801336 
830 0 |a U.S. Congressional Hearings. 
856 4 0 |u http://proxy.library.tamu.edu/login?url=https://congressional.proquest.com/congcomp/getdoc?HEARING-ID=HRG-1968-MMF-0005  |z Connect to the full text of this electronic book  |t 0 
998 |a cis10801336 
999 |a MARS 
999 f f |s 49540c8c-235e-3cb9-98bb-4e7787a72caf  |i 9799cc43-df58-3f2d-8622-bcc7eb7858db  |t 0 
952 f f |a Texas A&M University  |b College Station  |c Electronic Resources  |s www_evans  |d Available Online  |t 0  |e HRG-1968-MMF-0005  |h Other scheme 
998 f f |a HRG-1968-MMF-0005  |t 0  |l Available Online